Tomorrow x Together (TXT) Discography - Statistics

General Stats
  • This quiz has been taken 930 times
    470 since last reset
  • The average score is 43 of 77
Answer Stats
Answer % Correct
CROWN
90%
Blue Hour
89%
Cat & Dog
89%
Sugar Rush Ride
86%
Deja Vu
82%
Magic
81%
Good Boy Gone Bad
78%
LOSER=LOVER
78%
Chasing That Feeling
77%
Tinnitus (Wanna be a rock)
77%
Devil by the Window
76%
Blue Orangeade
74%
0X1=LOVESONG (I Know I Love You)
72%
Happy Fools (feat. Coi Leray)
71%
PUMA
71%
Nap of a star
70%
I'll See You There Tomorrow
69%
Our Summer
69%
Can't You See Me?
68%
Farewell, Neverland
68%
Ghosting
68%
New Rules
68%
Do It Like That
66%
Fairy of Shampoo
66%
Anti-Romantic
65%
Frost
65%
Lonely Boy (The tattoo on my ring finger)
65%
Miracle
65%
20cm
64%
MOA Diary (Dubaddu Wari Wari)
64%
No Rules
64%
Opening Sequence
64%
We Lost The Summer
64%
Eternally
63%
Thursday's Child Has Far To Go
63%
Wishlist
63%
Back for More (with Anitta)
61%
Ice Cream
61%
Drama
60%
Quarter Life
60%
Angel or Devil
59%
Maze in the Mirror
59%
Happily Ever After
58%
Roller Coaster
58%
Growing Pain
57%
Trust Fund Baby
57%
Dear Sputnik
56%
Magic Island
55%
Poppin' Star
55%
Way Home
55%
Blue Spring
53%
Dreamer
52%
Skipping Stones
52%
Can't We Just Leave the Monster Alive?
51%
What if I had been that PUMA
51%
9 and Three Quarters (Run Away)
49%
Deep Down
46%
Ito
43%
PS5 (with TOMORROW X TOGETHER & Alan Walker)
42%
Ring
41%
Force
39%
Everlasting Shine
33%
Hydrangea Love
32%
Outro : FALLING
31%
Hitori no Yoru
29%
Valley of Lies
26%
TOMORROW
25%
Free Falling
23%
EYES (from "Armored Saurus")
22%
Intro : FLOATING
21%
Your Light
21%
Love Sight
20%
Goodbye Now
17%
Intro: DREAMING
17%
Outro : STILL
16%
LEveL
11%
That Killa (I Belong to You)
7%
No matching quizzes found
Score Distribution
Percent of People with Each Score
Percentile by Number Answered
Your Score History
You have not taken this quiz since the last reset